LEADER 01212nam0 22003013i 450 001 NAP0522498 005 20251003044254.0 010 $a047010709X 010 $a9780470107096 100 $a20111129d2007 ||||0itac50 ba 101 | $aeng 102 $aus 181 1$6z01$ai $bxxxe 182 1$6z01$an 200 1 $aElements of tidal-electric engineering$fRobert H. Clark 210 $aHoboken (N.J.)$cWiley$a[Piscataway]$cIEEE press$d2007 215 $aXV, 280 p.$cill.$d24 cm 676 $a621.31$9Generazione, modificazione, accumulazione, trasmissione dell'energia elettrica$v14 676 $a621.312134$9Generazione idrica$v22 700 1$aClark$b, Robert H.$3NAPV119982$4070$0466 801 3$aIT$bIT-000000$c20111129 850 $aIT-BN0095 901 $bNAP 01$cTEDASS $nex Centro interdipartimentale sulle alte tecnologie per la diagnostica ambientale e lo sviluppo sostenibile 912 $aNAP0522498 950 0$aBiblioteca Centralizzata di Ateneo$b1 v.$d 01TEDASS 621.31 CLA.el$e 0102 0000089965 VMA A4 1 v.$fY $h20111104$i20111129 977 $a 01 996 $aElements of tidal-electric engineering$91573616 997 $aUNISANNIO